Online Catalogue and eLibrary

Hangman spare that noose : (Record no. 2955)

MARC details
000 -LEADER
fixed length control field 00539nam a2200145Ia 4500
005 - DATE AND TIME OF LATEST TRANSACTION
control field 20240604025743.0
008 - FIXED-LENGTH DATA ELEMENTS--GENERAL INFORMATION
fixed length control field 240331s9999 xx 000 0 und d
082 ## - DDC Classification
Item Number - Author Mark MOL
Class No. 364
100 ## - MAIN ENTRY--PERSONAL NAME
Personal name Moldrich, D
245 #0 - TITLE STATEMENT
Title Hangman spare that noose :
Remainder of title a historical and analytical survey of the death penalty with special reference to Sri Lanka
260 ## - PUBLICATION, DISTRIBUTION, ETC.
Place of publication, distribution, etc. Colombo
Name of publisher, distributor, etc. Ranco Printers & Publishers
Date of publication, distribution, etc. 1983
300 ## - PHYSICAL DESCRIPTION
Extent (e.g. Volumes, Pages etc.) iv,182 p.,
500 ## - GENERAL NOTE
General note A historical and analytical survey of the death penalty with special reference to Sri Lanka.
942 ## - Koha item type (Biblio)
Koha item type Books in Stacks (Lending)
Holdings
Lost status Damaged status Collection code Home library Current library Shelving location Date acquired Full call number Accession Number Item type
    Lending WERC Library WERC Library Social Science Cupboard 03/31/2024 364 MOL 85 Books in Stacks (Lending)

© WERC Library